000 00992nam0a22002411 4500
001 rc\2899887
005 20110801130232.7
035 _a(NLR Aleph) 007051260
090 _a6193228
_c6193228
100 _a20110801d1937 |||y0rusy50 ca
101 0 _arus
102 _aRU
105 _ay z |||||
200 1 _aЗначение соляной кислоты для предоперационной подготовки при раке желудка
_eТезисы к диссертации врача С.А. Абрамович
_fГос. ордена Ленина ин-т для усовершенствования врачей им. С.М. Кирова
210 _aЛенинград
_cБ. и.
_d1937
_gтипо-литогр. Ленгорвнуторга
215 _a2 с.
_d22 см
300 _aБез тит. л. и обл.
700 1 _aАбрамович
_bС. А.
801 0 _aRU
_bNLR
_gpsbo
801 1 _aRU
_bELAR
_2rusmarc
852 _aNLR
_j37-10/5833
942 _cBOOK
980 _aNB